Secretos de la medicina del trabajo / (Registro nro. 22177)

Detalles MARC
000 -LEADER
fixed length control field 01110nam a2200313 4500
001 - CONTROL NUMBER
control field 0000020068
003 - CONTROL NUMBER IDENTIFIER
control field CO-CtgCURN
005 - DATE AND TIME OF LATEST TRANSACTION
control field 20250331185159.0
007 - PHYSICAL DESCRIPTION FIXED FIELD--GENERAL INFORMATION
fixed length control field ta
008 - FIXED-LENGTH DATA ELEMENTS--GENERAL INFORMATION
fixed length control field 160627s2000 000 0 eng d
020 ## - INTERNATIONAL STANDARD BOOK NUMBER
International Standard Book Number 9701029372
040 ## - CATALOGING SOURCE
Original cataloging agency CO-CtgCURN
Language of cataloging spa
Transcribing agency coctgcurn
082 0# - DEWEY DECIMAL CLASSIFICATION NUMBER
Classification number 616
Item number B69s
100 1# - MAIN ENTRY--PERSONAL NAME
Personal name Bowler, Rosemarie M.
245 10 - TITLE STATEMENT
Title Secretos de la medicina del trabajo /
Statement of responsibility, etc. Rosemarie M. Bowlery James E. Cone , traducción Ruben I. Sánchez Monsivais.
260 ## - PUBLICATION, DISTRIBUTION, ETC.
Place of publication, distribution, etc. Mexico :
Name of publisher, distributor, etc. McGraw-Hill Interamericana,
Date of publication, distribution, etc. 2000.
300 ## - PHYSICAL DESCRIPTION
Extent xv, 402 p.
336 ## - CONTENT TYPE
Source rdacontent
337 ## - MEDIA TYPE
Source rdamedia
Media type term sin mediacion
Media type code n
338 ## - CARRIER TYPE
Source rdacarrier
Carrier type term volumen
Carrier type code nc
504 ## - BIBLIOGRAPHY, ETC. NOTE
Bibliography, etc. note Bibliografia al final de cada capitulo.
505 8# - FORMATTED CONTENTS NOTE
Formatted contents note Fundamentos.--Riesgos.--Grupos especiales en riesgo.--Enfermedades.--Ejercicio de la medicina del trabajo
534 ## - ORIGINAL VERSION NOTE
Main entry of original Titulo original: Occupational medicine secrets.
650 14 - SUBJECT ADDED ENTRY--TOPICAL TERM
Topical term or geographic name entry element Medicina industrial.
700 1# - ADDED ENTRY--PERSONAL NAME
Personal name Cone, James E.
908 ## - PUT COMMAND PARAMETER (RLIN)
Put command parameter 160627
942 ## - ADDED ENTRY ELEMENTS (KOHA)
Koha item type Libros
Classification part 616
Item part B69s
Source of classification or shelving scheme Dewey Decimal Classification
Existencias
Withdrawn status Lost status Source of classification or shelving scheme Damaged status Not for loan Collection Home library Current library Shelving location Date acquired Inventory number Total checkouts Full call number Barcode Date last seen Price effective from Koha item type Public note
    Dewey Decimal Classification     General Miguel Henríquez Emiliani Miguel Henríquez Emiliani General 03/31/2025 008728   616 B69s 008728 03/31/2025 03/31/2025 Libros 610-CIENME